Normal view MARC view
  • Hostory

Entry Topical Term

Number of records used in: 1

001 - CONTROL NUMBER

  • control field: 110663

003 - CONTROL NUMBER IDENTIFIER

  • control field: NUST

005 - DATE AND TIME OF LATEST TRANSACTION

  • control field: 20230320132555.0

008 - FIXED-LENGTH DATA ELEMENTS

  • fixed length control field: 230320|| aca||aabn | a|a d

040 ## - CATALOGING SOURCE

  • Original cataloging agency: NUST
  • Transcribing agency: NUST

150 ## - HEADING--TOPICAL TERM

  • Topical term or geographic name entry element: Hostory

670 ## - SOURCE DATA FOUND

  • Source citation: Work cat.: (NUST): Harold Lam 110662, Teen Azeem Fateh / تین عظیم فاتح (Urdu) , 2015
© 2023 Central Library, National University of Sciences and Technology. All Rights Reserved.